00734nam a2200169Ia 4500008004100000020001800041050002300059100003000082245004100112250001100153260002800164300001100192440003700203500002100240505027200261650003100533121028s9999 xx 000 0 und d a958-30-0412-X aGV1060.67 P47 2003 aPEREA ROSERO, Tucídides aAtletismo / Tucídides Perea Rosero a2a ed. aColombia : Panamericana a305 p. aReglamento oficial ilustrado ; 2 aIncluye índice aPresentación SECCIÓN I. HISTORIA DE LA IAAF SECCIÓN II. CONSTITUCIÓN DE LA IAAF SECCIÓN III. CONTROL DEL ABUSO DE FÁRMACOS SECCIÓN IV. REGLAMENTO TÉCNICO PARA LAS COMPETICIONES INTERNACIONALES Cap. 1. Oficiales Cap. 2. Normas generales de competició aAtletismo - ReglamentosÌ